The development of an instrument package to survey perceptions of faculty members regarding specific areas of the athletic program : at their institution /

Bibliographic Details
Main Author: Gibbs, Marilyn Jean, 1945-
Format: Thesis Microform Book
Language:English
Published: [Place of publication not identified] : [publisher not identified] ; 1983.
Subjects:

MARC

Tag First Indicator Second Indicator Subfields
LEADER 00000cam a2200000 a 4500
001 in00000018335
005 20151007053220.0
007 he bmb|||||||
008 861022r19861983orua bb 00010 eng d
035 |a (OCoLC)14472606 
035 |9 AAB0825AM 
040 |a ORU  |c MIA  |d MIA  |d HPE  |d OCL  |d WAY  |d TXA  |d UtOrBLW 
049 |a TXAI 
099 |a fiche  |a C  |a 7727 
100 1 |a Gibbs, Marilyn Jean,  |d 1945- 
245 1 4 |a The development of an instrument package to survey perceptions of faculty members regarding specific areas of the athletic program :  |b at their institution /  |c by Marilyn Jean Gibbs. 
264 1 |a [Place of publication not identified] :  |b [publisher not identified] ;  |c 1983. 
300 |a ix, 217 leaves :  |b illustrations 
336 |a text  |b txt  |2 rdacontent 
337 |a microform  |b h  |2 rdamedia 
338 |a microfiche  |b he  |2 rdacarrier 
502 |b Ph. D.  |c Ohio State University  |d 1983. 
500 |a Vita. 
504 |a Bibliography: leaves 123-127. 
533 |a Microfiche.  |b Eugene :  |c Microform Publications, College of Human Development and Performance, University of Oregon,  |d 1986.  |e 3 microfiches : negative ; 11 x 15 cm. 
500 |a Microform. 
650 0 |a Universities and colleges  |x Administration. 
650 0 |a College teachers  |x Attitudes  |x Testing. 
650 0 |a College sports  |x Management. 
999 |a MARS 
999 f f |s ce6928b6-9fa1-3f0c-ac86-9945afc01ca0  |i ea41fe8d-0275-3a22-926c-fd07271bb337  |t 0 
952 f f |p normal  |a Texas A&M University  |b College Station  |c Sterling C. Evans Library  |d Evans: Microforms (3rd floor)  |t 0  |e fiche C 7727  |h Other scheme  |i microform -- microfiche  |m A14822778498 
998 f f |a fiche C 7727  |t 0  |l Evans: Microforms (3rd floor)